Statistics for Top 10 Airlines

Click here to take the quiz!

General Stats

  • This quiz has been taken 498 times
  • The average score is 52 of 80

Answer Stats

Measure Rank Quantity Airline % Correct
Scheduled passenger-kilometres flown (km billions)4181Emirates
89%
Scheduled passengers carried (millions)486American Airlines
89%
Scheduled passengers carried (millions)1117Delta Air Lines
88%
Scheduled passenger-kilometres flown (km billions)9124British Airways
88%
Scheduled passengers carried (millions)393United Airlines
85%
Scheduled passengers carried (millions)864Lufthansa
83%
Scheduled passenger-kilometres flown (km billions)10108Qantas Airways
79%
Scheduled passengers carried (millions)1051Air France
78%
Skytrax survey2Qatar Airways
73%
Operating revenue (US$ billions)910.9Singapore Airlines
71%
Skytrax survey7Etihad Airways
65%
Scheduled passengers carried (millions)2112Southwest Airlines
65%
Total fleet size8316Air China
64%
Skytrax survey4ANA All Nippon Airlines
54%
Scheduled passengers carried (millions)680Ryanair
51%
Operating revenue (US$ billions)812.7Cathay Pacific Airways
51%
Operating revenue (US$ billions)1010.9Korean Airlines
50%
Scheduled passengers carried (millions)586China Southern Airlines
50%
Operating profit (US$ millions)5546Turkish Airlines
49%
Scheduled passengers carried (millions)780China Eastern Airlines
43%
Skytrax survey5Asiana Airways
31%
Skytrax survey8Garuda Indonesia
24%
Scheduled passengers carried (millions)954US Airways
19%
Operating revenue (US$ billions)714.0US Airlines
19%
Operating profit (US$ millions)31176Hainan Airlines
13%
Operating profit (US$ millions)7331Lan Airlines SA
12%
Total employees (thousands)1033Egyptair
11%
Operating profit (US$ millions)6403COPA
4%
Operating profit (US$ millions)8299Xiamen Airlines
3%
Operating profit (US$ millions)9283Shenzhen Airlines
1%
Operating profit (US$ millions)10253Mahan Airlines
0%

Score Distribution

Percentile by Number Answered

Percent of People with Each Score

Your Score History

You have not taken this quiz